[Event "Challenge"]
[Site "http://www.queenalice.com/game.php?id=1281577"]
[Date "2014.5.13"]
[Round "-"]
[White "Alice70"]
[Black "lincolnmarley"]
[Result "0-1"]
[WhiteElo "1575"]
[BlackElo "1602"]

1. e3 e5 2. Bc4 d5 3. Bb5+ Bd7 4. Bxd7+ Qxd7 5. Nf3 Nc6 6. Nc3 O-O-O 7. a4 e4 8.
Ng5 Nf6 9. O-O h6 10. Nh3 a6 11. f3 Bc5 12. fxe4 dxe4 13. d3 exd3 14. cxd3 Qxd3
15. Qxd3 Rxd3 16. Re1 Ng4 17. Rf1 Nxe3 18. Rxf7 Nc2+ 19. Nf2 Rhd8 20. Rb1 Rd1+
21. Nxd1 Rxd1# 0-1

[Event "Challenge"]
[Site "http://www.queenalice.com/game.php?id=1281578"]
[Date "2014.5.13"]
[Round "-"]
[White "lincolnmarley"]
[Black "nathmurr"]
[Result "1-0"]
[WhiteElo "1568"]
[BlackElo "1606"]

1. e4 Nf6 2. e5 Nd5 3. d4 e6 4. Nf3 Bb4+ 5. c3 Ba5 6. Bd3 O-O 7. O-O h6 8. Nbd2
f6 9. Nb3 c6 10. Nxa5 Qxa5 11. Bd2 fxe5 12. Nxe5 Qd8 13. Bxh6 gxh6 14. Qg4+ Qg5
15. Qe4 1-0

[Event "Challenge"]
[Site "http://www.queenalice.com/game.php?id=1281579"]
[Date "2014.5.13"]
[Round "-"]
[White "nathmurr"]
[Black "lincolnmarley"]
[Result "0-1"]
[WhiteElo "1588"]
[BlackElo "1586"]

1. e4 c5 2. Nc3 d6 3. Nd5 Nc6 4. Qf3 Nf6 5. Nxf6+ gxf6 6. Bc4 Ne5 7. Qe2 Bg7 8.
Bb5+ Bd7 9. f4 Nc6 10. Bc4 O-O 11. f5 Ne5 12. d3 Nxc4 13. dxc4 a6 14. Qg4 Kh8
0-1

[Event "Let's Play 160"]
[Site "http://www.queenalice.com/game.php?id=1513826"]
[Date "2018.1.30"]
[Round "-"]
[White "digger"]
[Black "lincolnmarley"]
[Result "0-1"]
[WhiteElo "1675"]
[BlackElo "1625"]

1. d4 Nf6 2. c4 g6 3. e3 Bg7 4. b3 O-O 5. Nc3 d5 6. c5 Bf5 7. Bd3 Bxd3 8. Qxd3
c6 9. Nf3 Nbd7 10. O-O Re8 11. b4 e5 12. Re1 e4 13. Qe2 exf3 14. Qxf3 Qc7 15. g3
Ne4 16. Nd1 f5 17. Bb2 b6 18. Ba3 b5 19. Bb2 a5 20. bxa5 Rxa5 21. a3 Ndf6 22.
Qf4 Qxf4 23. exf4 Raa8 24. Ra2 Nd2 25. Rxe8+ Rxe8 26. Ne3 Nc4 27. Nxc4 dxc4 28.
Bc3 Nd5 29. Ba5 Bxd4 30. a4 Bxc5 31. Kg2 b4 32. Kf3 b3 33. Rb2 Ba3 34. Rb1 b2
35. Be1 c3 36. a5 c2 37. a6 cxb1=Q 38. a7 Qxe1 39. a8=Q Rxa8 40. Kg2 Bc5 41. h4
Qxf2+ 42. Kh3 Ra1 43. g4 Rh1# 0-1

[Event "Challenge"]
[Site "http://www.queenalice.com/game.php?id=1514094"]
[Date "2018.1.30"]
[Round "-"]
[White "lincolnmarley"]
[Black "chyco"]
[Result "1-0"]
[WhiteElo "1622"]
[BlackElo "1562"]

1. e4 e5 2. Nf3 d6 3. Bc4 g6 4. O-O a6 5. a4 a5 6. Nc3 b6 7. d4 f6 8. Be3 Nc6 9.
Bb5 Bb7 10. d5 Ne7 11. dxc6 Bxc6 12. Bxc6+ Nxc6 13. Nd5 g5 14. Nxg5 fxg5 15.
Qh5+ Kd7 16. Bxg5 Be7 17. Qg4+ Ke8 18. Qh5+ Kf8 19. Bh6+ Kg8 20. Qg4+ Kf7 21.
Qf5+ Ke8 22. Qe6 Rf8 23. Bxf8 Kxf8 24. f4 Nd4 25. fxe5+ Ke8 26. Nf6+ Kf8 27.
Qg8# 1-0

[Event "Challenge"]
[Site "http://www.queenalice.com/game.php?id=1514095"]
[Date "2018.1.30"]
[Round "-"]
[White "chyco"]
[Black "lincolnmarley"]
[Result "1-0"]
[WhiteElo "1516"]
[BlackElo "1678"]

1. d4 Nf6 2. c3 g6 3. Bf4 Bg7 4. e3 O-O 5. Qf3 d5 6. Nd2 e6 7. Nb3 Nbd7 8. Qg3
c6 9. Nf3 Ne4 10. Qh3 g5 11. Be5 f5 12. Bxg7 Kxg7 13. g4 Ndf6 14. gxf5 exf5 15.
Qg2 g4 16. Ne5 h5 17. h3 Rh8 18. hxg4 hxg4 19. f3 Rxh1 20. fxe4 Rxf1+ 21. Qxf1
dxe4 22. Nc4 Nd5 23. Nc5 b6 24. O-O-O bxc5 25. Qh1 Qh8 26. Qg2 Qh3 27. Qd2 Rb8
28. Re1 Ba6 29. b3 Bxc4 30. bxc4 Nb6 31. dxc5 Nxc4 32. Qd4+ Kg6 33. Qxc4 Qh2 34.
Qe6+ Kg5 35. Qe7+ Kg6 36. Qd6+ Qxd6 37. cxd6 Rd8 38. Rd1 Kf6 39. c4 g3 40. c5
Kg5 41. Rg1 Kg4 42. Kd2 Kf3 43. Rf1+ Kg2 44. Rxf5 Kh3 45. Rh5+ Kg4 46. Rh1 g2
47. Rg1 Kg3 48. Ke2 Kh2 49. Rxg2+ Kxg2 50. a4 Rb8 51. Kd2 Rb4 52. Kc3 Rb7 53.
Kd4 Kf3 54. a5 Rb4+ 55. Ke5 Kxe3 56. d7 Rd4 57. Ke6 Kf2 58. Ke7 e3 59. d8=Q Rxd8
60. Kxd8 e2 61. Kc7 e1=Q 62. Kxc6 Qxa5 63. Kd6 1-0

[Event "Challenge"]
[Site "http://www.queenalice.com/game.php?id=1514096"]
[Date "2018.1.30"]
[Round "-"]
[White "lincolnmarley"]
[Black "LYUSS"]
[Result "1-0"]
[WhiteElo "1664"]
[BlackElo "1754"]

1. e4 e5 2. Nf3 Nc6 3. Bb5 a6 4. Bxc6 bxc6 5. d4 Nf6 6. Nxe5 Nxe4 7. Qe2 d5 8.
Nc3 f6 9. Qh5+ g6 10. Nxg6 Rg8 11. Ne5+ Rg6 12. Nxg6 hxg6 13. Qxg6+ Ke7 14. Nxe4
dxe4 15. Qxe4+ Be6 16. O-O Kf7 17. Bg5 fxg5 18. f4 Kg8 19. f5 Bd5 20. Qg4 c5 21.
f6 Bc4 22. Qxg5+ Kf7 23. Rf3 Qxd4+ 24. Kh1 Rd8 25. Qh5+ Ke6 26. Re1+ Kd6 27. Rc3
Be2 28. Qxe2 Kc6 29. Qxa6+ Kd7 30. Rd3 Qxd3 31. Qxd3+ Kc8 32. Qa6+ Kb8 33. Qb5+
Ka7 34. g3 Rb8 35. Qa5+ Kb7 36. Re3 c4 37. Re6 Bd6 38. Qb5+ Ka7 39. Qa5+ Kb7 40.
Qb5+ Ka7 41. Qc6 Rb6 42. Qxc4 Kb7 43. f7 Rc6 44. Qb5+ Rb6 45. Qxb6+ Kc8 46. Rxd6
cxb6 47. Rxb6 Kc7 48. Rf6 1-0

[Event "Challenge"]
[Site "http://www.queenalice.com/game.php?id=1514097"]
[Date "2018.1.30"]
[Round "-"]
[White "LYUSS"]
[Black "lincolnmarley"]
[Result "1-0"]
[WhiteElo "1711"]
[BlackElo "1636"]

1. e4 c5 2. Nf3 e6 3. Nc3 Nc6 4. g3 d5 5. e5 Nge7 6. Nb5 Ng6 7. d4 cxd4 8. Nfxd4
Bc5 9. c3 a6 10. Nxc6 bxc6 11. Nd4 Qb6 12. b4 Bxd4 13. cxd4 Qxb4+ 14. Bd2 Qb6
15. Be3 O-O 16. Rb1 Qa5+ 17. Bd2 Qc7 18. Bd3 c5 19. Rc1 c4 20. Bxg6 hxg6 21. h4
Bd7 22. h5 gxh5 23. Qxh5 f6 24. exf6 Rxf6 25. Qh8+ 1-0

[Event "AUTO-ADV-3974"]
[Site "http://www.queenalice.com/game.php?id=1514149"]
[Date "2018.1.30"]
[Round "1"]
[White "lincolnmarley"]
[Black "bobifixer"]
[Result "0-1"]
[WhiteElo "1643"]
[BlackElo "1888"]

1. e4 c5 2. Nf3 d6 3. d4 cxd4 4. Nxd4 Nf6 5. Nc3 e6 6. Be2 Be7 7. Be3 O-O 8. Qd2
a6 9. f3 Nc6 10. g4 Nxd4 11. Bxd4 b5 12. a3 Bb7 13. Bd3 h6 14. Ne2 d5 15. exd5
Bxd5 16. Nf4 Bxf3 0-1

[Event "AUTO-ADV-3974"]
[Site "http://www.queenalice.com/game.php?id=1514150"]
[Date "2018.1.30"]
[Round "1"]
[White "bobifixer"]
[Black "lincolnmarley"]
[Result "0-1"]
[WhiteElo "1911"]
[BlackElo "1637"]

1. d4 e6 2. Nf3 d5 3. g3 Nf6 4. Bg5 Be7 5. Bxf6 Bxf6 6. c3 O-O 7. Bg2 Nd7 8. O-O
c5 9. e3 cxd4 10. exd4 Nb6 11. Nbd2 Bd7 12. Re1 Rc8 13. Nb3 Be7 14. Qe2 a6 15.
Ne5 Bf6 16. Nxd7 Qxd7 17. Nc5 Qc7 18. Nd3 Nd7 19. Rad1 Rfe8 0-1

[Event "AUTO-ADV-3974"]
[Site "http://www.queenalice.com/game.php?id=1514151"]
[Date "2018.1.30"]
[Round "1"]
[White "lincolnmarley"]
[Black "Yyyg"]
[Result "1-0"]
[WhiteElo "1609"]
[BlackElo "1674"]

1. e4 d5 2. exd5 Nf6 3. d4 Bg4 4. Be2 Bxe2 5. Qxe2 Qxd5 6. Nf3 Nc6 7. c3 O-O-O
8. Bf4 e6 9. Nbd2 Bd6 10. Bxd6 cxd6 11. O-O e5 12. dxe5 dxe5 13. Rad1 Qa5 14. a3
Rhe8 15. Ne4 Rxd1 16. Rxd1 Nxe4 17. Qxe4 Qb6 18. b4 g6 19. Qg4+ f5 20. Qh4 e4
21. Nd4 Nxd4 22. Rxd4 h5 23. Qg3 a5 24. Rc4+ Kd7 25. Rd4+ Ke7 26. Qe5+ Kf8 27.
Qh8+ Ke7 28. Qg7+ Ke6 29. Qxg6+ Ke5 30. Qxb6 Kf4 31. Qh6+ Ke5 32. Qd6# 1-0

[Event "AUTO-ADV-3974"]
[Site "http://www.queenalice.com/game.php?id=1514152"]
[Date "2018.1.30"]
[Round "1"]
[White "Yyyg"]
[Black "lincolnmarley"]
[Result "1-0"]
[WhiteElo "1661"]
[BlackElo "1622"]

1. e4 c5 2. Nf3 e6 3. c3 Nc6 4. d4 cxd4 5. cxd4 d5 6. e5 Nge7 7. Nc3 Nf5 8. Bb5
Bd7 9. O-O Qb6 10. Bf4 Ncxd4 11. Bxd7+ Kxd7 12. Nxd4 Nxd4 13. Be3 Bc5 14. Na4
1-0

[Event "AUTO-ADV-3974"]
[Site "http://www.queenalice.com/game.php?id=1514153"]
[Date "2018.1.30"]
[Round "1"]
[White "lincolnmarley"]
[Black "Taura10"]
[Result "0-1"]
[WhiteElo "1682"]
[BlackElo "1988"]

1. e4 c5 2. Nf3 g6 3. Bc4 e6 4. O-O Bg7 5. Nc3 Nc6 6. d3 a6 7. a4 d6 8. Re1 Ne5
9. Nxe5 Bxe5 10. Be3 Qf6 11. Qd2 Bxc3 12. Qxc3 e5 13. Qb3 Ne7 14. h4 Nc6 15. Bg5
Qg7 16. f4 Na5 17. Qa2 Nxc4 18. Qxc4 h6 19. fxe5 Qxe5 20. Bc1 Be6 21. Qc3 Qxc3
22. bxc3 Kd7 23. d4 Kc7 24. Bf4 b6 25. e5 d5 26. Rab1 c4 27. Rb2 a5 28. Reb1
Rab8 29. Rb5 Kc6 30. R5b2 Rb7 31. Kf2 h5 32. Bc1 Bf5 33. Ke3 Re8 34. Kf4 Reb8
35. Kg5 Re8 36. Kf6 Re6+ 37. Kg5 Rb8 38. Kf4 f6 39. exf6 Rxf6 40. Kg5 Re6 41.
Bf4 Rb7 42. g3 Re2 43. Rc1 Rf2 44. Kf6 Rf3 45. Kg5 Rxc3 46. Ra2 Re7 47. Kf6 Re2
48. Kg5 Rcxc2 49. Rcxc2 Rxc2 50. Rxc2 Bxc2 0-1

[Event "AUTO-ADV-3974"]
[Site "http://www.queenalice.com/game.php?id=1514154"]
[Date "2018.1.30"]
[Round "1"]
[White "Taura10"]
[Black "lincolnmarley"]
[Result "1-0"]
[WhiteElo "1947"]
[BlackElo "1628"]

1. d4 Nf6 2. c4 g6 3. e3 Bg7 4. Be2 O-O 5. Nf3 d5 6. cxd5 Nxd5 7. O-O Bf5 8. Nc3
Nxc3 9. bxc3 c5 10. Qb3 cxd4 11. cxd4 Qc8 12. Bb2 e6 13. Rac1 Nc6 14. Ba3 Rd8
15. Bb5 a6 16. Bxc6 bxc6 17. Qa4 Be4 18. Nd2 f5 19. Nxe4 fxe4 20. Rxc6 Qd7 21.
Rfc1 Rac8 22. Qxa6 Rxc6 23. Rxc6 Rb8 24. g3 Bf6 25. Rxe6 1-0

[Event "AUTO-OPEN-3899"]
[Site "http://www.queenalice.com/game.php?id=1514265"]
[Date "2018.2.1"]
[Round "1"]
[White "ismaelfln"]
[Black "lincolnmarley"]
[Result "1-0"]
[WhiteElo "1730"]
[BlackElo "1621"]

1. e4 c5 2. e5 d5 3. d4 e6 4. dxc5 Bxc5 5. Be3 Bxe3 6. fxe3 Ne7 7. Nc3 O-O 8.
Nf3 Nbc6 9. Bb5 a6 10. Bxc6 Nxc6 11. O-O Bd7 12. e4 dxe4 13. Nxe4 Qb6+ 14. Kh1
Rfd8 15. b3 Be8 16. Qe2 Nd4 17. Qf2 1-0

[Event "AUTO-OPEN-3899"]
[Site "http://www.queenalice.com/game.php?id=1514295"]
[Date "2018.2.1"]
[Round "1"]
[White "lincolnmarley"]
[Black "Yyyg"]
[Result "0-1"]
[WhiteElo "1637"]
[BlackElo "1644"]

1. e4 d5 2. exd5 Nf6 3. d4 Bg4 4. Be2 Bxe2 5. Nxe2 Qxd5 6. O-O Nc6 7. c3 O-O-O
8. Bf4 e5 9. Be3 exd4 10. Nxd4 Bc5 11. Nxc6 Qxd1 0-1

[Event "AUTO-OPEN-3899"]
[Site "http://www.queenalice.com/game.php?id=1514296"]
[Date "2018.2.1"]
[Round "1"]
[White "Yyyg"]
[Black "lincolnmarley"]
[Result "1-0"]
[WhiteElo "1665"]
[BlackElo "1636"]

1. e4 c5 2. Nf3 e6 3. c3 d5 4. e5 Nc6 5. d4 cxd4 6. cxd4 a6 7. Nc3 Nge7 8. Bg5
h6 9. Bh4 g5 10. Bg3 Nf5 11. Bd3 Nxg3 12. hxg3 Bg7 13. Qd2 Bd7 14. O-O Qb6 15.
Na4 Qc7 16. Nc5 Bf8 17. a3 Bxc5 18. dxc5 Nxe5 19. Nxe5 Qxe5 20. f4 gxf4 21. gxf4
Qd4+ 22. Kh1 Qxc5 23. Rac1 Qe7 24. f5 Qh4+ 25. Kg1 Qd4+ 26. Rf2 Qg4 27. Qa5 Rg8
28. fxe6 fxe6 29. Qc7 1-0

[Event "AUTO-OPEN-3899"]
[Site "http://www.queenalice.com/game.php?id=1514297"]
[Date "2018.2.1"]
[Round "1"]
[White "lincolnmarley"]
[Black "mvson33"]
[Result "1-0"]
[WhiteElo "1684"]
[BlackElo "1496"]

1. e4 d5 2. exd5 Qxd5 3. Nf3 Nf6 4. d4 Nc6 5. c3 Bg4 6. Be2 e6 7. O-O Be7 8. h3
Bxf3 9. Bxf3 Qd7 10. Bf4 O-O 11. Nd2 Rad8 12. Ne4 Nxe4 13. Bxe4 Rfe8 14. Qh5 h6
15. Rae1 Bf6 16. Bxh6 gxh6 17. Qxh6 Bg7 18. Qh5 Qd6 19. Re3 f5 20. Bxf5 exf5 21.
Rxe8+ Rxe8 22. Qxe8+ Kh7 23. Qh5+ Kg8 24. Qxf5 Ne7 25. Qe4 c6 26. Re1 Kf7 27.
Qh4 Ng6 28. Qg4 Nf4 29. Qf5+ Bf6 30. g3 Ng6 31. g4 Nh4 32. Qh7+ Kf8 33. Qh6+ Kf7
34. Qh5+ Kg7 35. g5 Be7 36. Qxh4 Qd5 37. Rxe7+ 1-0

[Event "AUTO-OPEN-3899"]
[Site "http://www.queenalice.com/game.php?id=1514298"]
[Date "2018.2.1"]
[Round "1"]
[White "mvson33"]
[Black "lincolnmarley"]
[Result "1/2-1/2"]
[WhiteElo "1504"]
[BlackElo "1692"]

1. e4 c5 2. Nf3 e6 3. d4 cxd4 4. Nxd4 Nf6 5. Nc3 Bb4 6. Bd2 Bxc3 7. Bxc3 Nxe4 8.
Bd2 Nxd2 9. Qxd2 O-O 10. O-O-O Nc6 11. Nxc6 bxc6 12. Qd6 Qb6 13. f3 Rb8 14. b3
a5 15. Kb2 a4 16. Ka3 axb3 17. axb3 Ra8+ 18. Kb2 Qa5 19. Bd3 Qa2+ 20. Kc3 Qa3
21. Be4 Qxd6 22. Rxd6 Ra7 23. Rhd1 f5 24. Bd3 Kf7 25. Bc4 Ke7 26. R6d2 d5 27.
Bd3 Ba6 28. Bxa6 Rxa6 29. Kb2 Rfa8 30. Kc3 Kd6 31. Rd4 g5 32. Kb2 c5 33. R4d2
Rb6 34. Rd3 c4 35. Rd4 cxb3 36. cxb3 Rab8 37. R4d3 Rb4 38. R1d2 h5 1/2-1/2

[Event "Challenge"]
[Site "http://www.queenalice.com/game.php?id=1518138"]
[Date "2018.3.2"]
[Round "-"]
[White "lincolnmarley"]
[Black "Bruscato"]
[Result "0-1"]
[WhiteElo "1684"]
[BlackElo "2231"]

1. e4 c5 2. Nf3 Nc6 3. d4 cxd4 4. Nxd4 e5 5. Nb5 d6 6. N1c3 a6 7. Na3 b5 8. Nd5
Be6 9. Bd3 Bxd5 10. exd5 Nb4 11. c3 Nxd3+ 12. Qxd3 Rc8 13. O-O Nf6 14. Bg5 Be7
15. Bxf6 Bxf6 16. Nc2 O-O 17. Ne3 Re8 18. Ng4 Be7 19. Rae1 Qd7 20. Ne3 g6 21.
Rc1 f5 22. f4 exf4 23. Rxf4 Bf6 24. Rcf1 Bg5 0-1